| 000 | 004860000a22001810004500 | ||
|---|---|---|---|
| 003 | MACL | ||
| 005 | 20160108141717.0 | ||
| 008 | 160108b xxu||||| |||| 00| 0 eng d | ||
| 040 |
_aMACL _cMACL |
||
| 041 | _aEnglish | ||
| 082 | _a920/RAO | ||
| 100 |
_aRao, P Kondanda _929790 |
||
| 245 |
_aThe Right Honourable V S Srinivasa Sastri _bA Political Biography |
||
| 260 |
_bAsia Publishing House _c1963 _aBombay |
||
| 350 | _a28 | ||
| 650 |
_aBiography _929791 |
||
| 942 |
_cBK _k920/RAO _2ddc |
||
| 999 |
_c35838 _d35838 |
||